000 00563cam a2200205Ia 4500
001 42659241
003 OCoLC
005 20150408113724.0
008 991006s2000 enk b 000 0 eng d
015 _aGB99-V3479
020 _a0749431016
040 _aUKM
_cUKM
_dEYE
_dCIN
082 0 4 _a658.314
_221
100 1 _aClegg, Brian.
_94631
245 1 0 _aInstant motivation /
_cBrian Clegg.
260 _aLondon
_bKogan Page ;
_aSterling, Va.
_bStylus Publ.,
_c2000.
300 _aviii, 129 p.
_c24 cm.
650 _aEmployee motivation
_94632
942 _2ddc
_cBOOK
999 _c873
_d235373